Lecciones de teoría económica : (Registro nro. 5700)
[ vista simple ]
| 000 -LEADER | |
|---|---|
| fixed length control field | 01081nam a2200289Ia 4500 |
| 003 - CONTROL NUMBER IDENTIFIER | |
| control field | OSt |
| 005 - DATE AND TIME OF LATEST TRANSACTION | |
| control field | 20200604145830.0 |
| 008 - FIXED-LENGTH DATA ELEMENTS--GENERAL INFORMATION | |
| fixed length control field | 191128s1968 sp ad gr 000 0dspa d |
| 020 ## - INTERNATIONAL STANDARD BOOK NUMBER | |
| International Standard Book Number | 8403481357 |
| 040 ## - CATALOGING SOURCE | |
| Original cataloging agency | CO-JMCR |
| Transcribing agency | CO-JMCR |
| 041 0# - LANGUAGE CODE | |
| Language code of text/sound track or separate title | spa |
| 082 04 - DEWEY DECIMAL CLASSIFICATION NUMBER | |
| Classification number | 330.1 / |
| Item number | C346I |
| Edition number | 23 |
| 100 1# - MAIN ENTRY--PERSONAL NAME | |
| Personal name | Castañeda, Jose, |
| Relator term | autor |
| 9 (RLIN) | 4966 |
| 245 10 - TITLE STATEMENT | |
| Title | Lecciones de teoría económica : |
| Remainder of title | (microeconomía, consumo, producción, precios y rentas) / |
| Statement of responsibility, etc. | Jose Castañeda |
| 250 ## - EDITION STATEMENT | |
| Edition statement | Primera edición |
| 260 ## - PUBLICATION, DISTRIBUTION, ETC. | |
| Place of publication, distribution, etc. | Madrid : |
| Name of publisher, distributor, etc. | Aguilar, |
| Date of publication, distribution, etc. | 1968 |
| 300 ## - PHYSICAL DESCRIPTION | |
| Extent | xxiv, 739 páginas : |
| Other physical details | gráficos a blanco y negro ; |
| Dimensions | 22 cm. |
| 490 0# - SERIES STATEMENT | |
| Series statement | Biblioteca de ciencias sociales. Sección 1a. ; Economía |
| 504 ## - BIBLIOGRAPHY, ETC. NOTE | |
| Bibliography, etc. note | Incluye bibliografía al final de cada capitulo. |
| 504 ## - BIBLIOGRAPHY, ETC. NOTE | |
| Bibliography, etc. note | Bibliografía: páginas 737-739. |
| 505 ## - FORMATTED CONTENTS NOTE | |
| Formatted contents note | Preliminares -- El consumo -- La producción -- La formación de los precios -- La formación de las rentas |
| 546 ## - LANGUAGE NOTE | |
| Language note | <br/> |
| 650 14 - SUBJECT ADDED ENTRY--TOPICAL TERM | |
| Topical term or geographic name entry element | Microeconomía |
| 9 (RLIN) | 4967 |
| 650 24 - SUBJECT ADDED ENTRY--TOPICAL TERM | |
| Topical term or geographic name entry element | Teoría económica |
| 9 (RLIN) | 4968 |
| 650 24 - SUBJECT ADDED ENTRY--TOPICAL TERM | |
| Topical term or geographic name entry element | Consumo Producción Trabajo |
| 9 (RLIN) | 4969 |
| 942 ## - ADDED ENTRY ELEMENTS (KOHA) | |
| Source of classification or shelving scheme | Dewey Decimal Classification |
| Koha item type | Books |
| Withdrawn status | Lost status | Source of classification or shelving scheme | Materials specified (bound volume or other part) | Damaged status | Not for loan | Home library | Current library | Shelving location | Date acquired | Source of acquisition | Cost, normal purchase price | Total Checkouts | Full call number | Barcode | Date last seen | Date last checked out | Copy number | Price effective from | Koha item type |
|---|---|---|---|---|---|---|---|---|---|---|---|---|---|---|---|---|---|---|---|
| Dewey Decimal Classification | Donación--15/04/2018-- | Biblioteca Pública José María del Castillo y Rada | Biblioteca Pública José María del Castillo y Rada | General Stacks | 11/28/2019 | Donación | 0.00 | 1 | 330.1 / C346I | 430003932 | 10/21/2024 | 10/10/2024 | Ej.1 | 11/28/2019 | Books |